Wild forests : Conservation biology and public policy

Wild Forests presents a coherent review of the scientific and policy issues surrounding biological diversity in the context of contemporary public forest management. The authors examine past and current practices of forest management and provide a comprehensive overview of known and suspected threat...

Szczegółowa specyfikacja

Zapisane w:
Opis bibliograficzny
1. autor: Alverson, William S.
Kolejni autorzy: Kuhlmann, Walter, Waller, Donald M.
Format: Książka
Język:Vietnamese
Wydane: Washington Island press 1994
Hasła przedmiotowe:
Etykiety: Dodaj etykietę
Nie ma etykietki, Dołącz pierwszą etykiete!
Thư viện lưu trữ: Thư viện Trường Đại học Nam Cần Thơ
LEADER 01149nam a22002177a 4500
001 NCT_78298
008 200421b xxu||||| |||| 00| 0 vie d
999 |c 3818  |d 3818 
020 |a 1559631880 
082 0 4 |2 23rd ed.  |a 333.75  |b A474 
100 1 |a Alverson, William S. 
245 1 0 |a Wild forests :  |b Conservation biology and public policy  |c William S. Alverson, Walter Kuhlmann, Donald M. Waller 
260 |a Washington  |b Island press  |c 1994 
300 |a xxiii, 301 p.  |c 23cm 
520 3 |a Wild Forests presents a coherent review of the scientific and policy issues surrounding biological diversity in the context of contemporary public forest management. The authors examine past and current practices of forest management and provide a comprehensive overview of known and suspected threats to diversity. 
653 |a Quản lý tài nguyên & Môi trường 
700 1 |a Kuhlmann, Walter  
700 1 |a Waller, Donald M.  
942 |2 ddc  |c BK 
952 |0 0  |1 0  |2 ddc  |4 0  |6 333_750000000000000_A474  |7 0  |9 19431  |a 000001  |b 000001  |d 2020-04-21  |o 333.75 A474  |p MD.17084  |r 2020-04-21  |w 2020-04-21  |y BK 
980 |a Thư viện Trường Đại học Nam Cần Thơ